Представление документа в формате MARC21

ПолеНазваниеЗначение
  Тип записи a
  Библиографический уровень m
001 Контрольный номер RU\infra-m\znanium\bibl\2221274
005 Дата корректировки 20260429142123.3
008 Кодируемые данные 260403s2025 RU g rus u
020 Индекс ISBN __
a ISBN 978-5-16-020494-9
020 Индекс ISBN __
a ISBN 978-5-16-113143-5 (электр. издание)
040 Источник каталогиз. __
a Служба первич. каталог. Общество с ограниченной ответственностью «ЗНАНИУМ»
041 Код языка издания __
a Код языка текста rus
044 Код страны публикации __
a Код страны публикации RU
080 Индекс УДК __
a Индекс УДК 635.9
084 Индекс другой классификации/Индекс ББК __
2 Источник индекса rubbk
a Индекс другой классификации/Индекс ББК 42.37
084 Индекс другой классификации/Индекс ББК __
2 Источник индекса okso
a Индекс другой классификации/Индекс ББК 43.01.11
100 Автор __
a Автор Шевченко И.С.
q Полное имя Шевченко Ирина Сергеевна
u Дополнение Южно-Уральский государственный университет (национальный исследовательский университет)
245 Заглавие __
a Заглавие Основы флористики
b Продолж. заглавия Научно-популярная литература
c Ответственность Южно-Уральский государственный университет (национальный исследовательский университет)
250 Сведения об издании __
a Основные сведения об издании 1
260 Выходные данные __
a Место издания Москва
b Издательство ООО "Научно-издательский центр ИНФРА-М"
c Дата издания 2026
300 Физическое описание __
a Объем 269 с.
440 Серия __
a Серия Интересно знать
520 Аннотация __
a Аннотация Цель данной книги — освещение основных постулатов опыта зарубежной и отечественной флористики для специалистов этой сферы. Описываются специфические особенности существующих стилей и направлений во флористике затрагиваются наиболее ключевые моменты технологий флористики. Отдельный раздел затрагивает задачи нынешнего времени адресованные специалистам занятым в сфере флористического бизнеса. Подходит для работников организаций выполняющих флористические работы в том числе изготовление флористических изделий и флористическое оформление объектов различного назначения.
521 Примеч. о цел. назн. __
a Примеч. о целев. назн. Дополнительное образование взрослых
650 Тематические рубрики __
a Основная рубрика Архитектура. Искусство
x Основная подрубрика Икебана. Флористика
655 Указ. предметных рубрик (устаревшее) __
a Жанр/ форма (устаревшее) Научно-популярная литература
856 Электронный адрес документа 4_
a Имя сервера/домена znanium.ru
m Помощь ebs_support@infra-m.ru
n Местонахождение сервера НИЦ ИНФРА-М
u URL https://znanium.ru/catalog/document?id=468483
856 Электронный адрес документа 48
a Имя сервера/домена znanium.ru
d Путь /cover/2221
f Электронное имя 2221274.jpg
q Тип электронного формата image/jpeg
u URL https://znanium.ru/cover/2221/2221274.jpg
911 __
u 0030=https://znanium.ru/catalog/document?id=468483